000 00559pab a2200205 454500
008 180718b2005 xxu||||| |||| 00| 0 eng d
100 _aJaiprakash Narain, G.P.
245 _aInservice teacher education programme for engineering college teachers
260 _c2005
300 _ap.86-92.
362 _a26 Sep
650 _aEngineering education
650 _aTeachers
650 _aTeacher education
650 _aInservice teacher education
700 _aBarki, B.G.
700 _aMukhopadhyay, B.
773 _aUniversity News
909 _a67165
999 _c67165
_d67165